|
|
|
|
| LEADER |
01614nam a2200433 a 4500 |
| 001 |
000073676 |
| 003 |
CZ BrMZK |
| 005 |
20030624083308.0 |
| 007 |
ta |
| 008 |
010907s1996 xr f cze d |
| 015 |
|
|
|a cnb000097827
|
| 020 |
|
|
|a 80-85876-06-X
|
| 035 |
|
|
|a (OCoLC)39577968
|
| 040 |
|
|
|a BOA001
|b cze
|
| 043 |
|
|
|a e-xr---
|b e-xr-pg
|2 czenas
|
| 080 |
|
|
|a (048.8)
|2 MRF
|
| 080 |
|
|
|a (084.11)
|2 MRF
|
| 080 |
|
|
|a 133:514.1
|2 MRF
|
| 080 |
|
|
|a 133.522.1
|2 MRF
|
| 080 |
|
|
|a 72:904
|2 MRF
|
| 080 |
|
|
|a (437.311)
|2 MRF
|
| 100 |
1 |
|
|a Špůrek, Milan,
|d 1938-2018
|7 jk01130955
|4 aut
|
| 245 |
1 |
0 |
|a Praga mysteriosa :
|b tajemství pražského slunovratu /
|c Milan Špůrek ; [fotografie Zdeněk Helfert ; ilustrace Josef Švastal]
|
| 250 |
|
|
|a Vyd. 1.
|
| 260 |
|
|
|a Praha :
|b Eminent,
|c 1996
|
| 300 |
|
|
|a 132 s. :
|b il. [většina barev.] ;
|c 31 cm
|
| 500 |
|
|
|a Bibliogr.
|
| 650 |
0 |
7 |
|a sakrální geometrie
|7 ph124417
|z Česko
|2 czenas
|
| 650 |
0 |
7 |
|a astrologická symbolika
|7 ph174206
|z Česko
|2 czenas
|
| 650 |
0 |
7 |
|a architektonické památky
|7 ph118585
|z Česko
|2 czenas
|
| 655 |
|
7 |
|a studie
|7 fd133597
|2 czenas
|
| 655 |
|
7 |
|a obrazové publikace
|7 fd132947
|2 czenas
|
| 651 |
|
7 |
|a Praha (Česko)
|7 ge118011
|2 czenas
|
| 700 |
1 |
|
|a Helfert, Zdeněk,
|d 1946-
|7 jn19990216059
|
| 700 |
1 |
|
|a Švastal, Josef,
|d 1917-
|7 jk01131858
|4 ill
|
| 856 |
4 |
1 |
|u http://www.digitalniknihovna.cz/mzk/uuid/uuid:0f3cd6d0-9eed-11e3-8e84-005056827e51
|y Digitalizovaný dokument
|x NDK
|
| 910 |
|
|
|a BOA001
|b 4-1023.978
|
| 990 |
|
|
|a BK
|
| 996 |
7 |
|
|b 2610037959
|c 4-1023.978
|l MZK
|r Sklad / do 1 hodiny
|n 17
|p p.v.
|w 000073676
|u 000010
|a 1
|e BOA001
|j MZK50
|s A
|